Free trade today / (Record no. 7506)

MARC details
000 -LEADER
fixed length control field 00962cam a2200217 4500
001 - CONTROL NUMBER
control field 8660
003 - CONTROL NUMBER IDENTIFIER
control field OCoLC
005 - DATE AND TIME OF LATEST TRANSACTION
control field 20181127190452.0
008 - FIXED-LENGTH DATA ELEMENTS--GENERAL INFORMATION
fixed length control field 030804s2002 njua b 001 0 eng
020 ## - INTERNATIONAL STANDARD BOOK NUMBER
International Standard Book Number 0691117306
082 04 - DEWEY DECIMAL CLASSIFICATION NUMBER
Classification number 382.71
Edition number 21
100 1# - MAIN ENTRY--PERSONAL NAME
Personal name Bhagwati, Jagdish N.,
Dates associated with a name 1934-
245 10 - TITLE STATEMENT
Title Free trade today /
Statement of responsibility, etc. Jagdish Bhagwati.
260 ## - PUBLICATION, DISTRIBUTION, ETC.
Place of publication, distribution, etc. Princeton, N.J.
Name of publisher, distributor, etc. Princeton University Press,
Date of publication, distribution, etc. c2002.
300 ## - PHYSICAL DESCRIPTION
Extent ix, 128 p. :
Other physical details ill. ;
Dimensions 22 cm.
504 ## - BIBLIOGRAPHY, ETC. NOTE
Bibliography, etc. note Includes bibliographical references and index.
505 ## - FORMATTED CONTENTS NOTE
Formatted contents note CONTENTS : Lecture 1. Confronting conventional threats to free trade: the postwar revolution in the theory of commercial policy -- Lecture 2. "Fair trade," income distribution, and social agendas: using trade theory to meet new challenges -- Lecture 3. Getting to free trade: alternative approaches and their theoretical rationale.
Miscellaneous information
Statement of responsibility
Title
521 8# - TARGET AUDIENCE NOTE
Target audience note 1600
Source Lexile.
650 #0 - SUBJECT ADDED ENTRY--TOPICAL TERM
Topical term or geographic name entry element Free trade.
Holdings
Withdrawn status Lost status Source of classification or shelving scheme Damaged status Not for loan Collection code Home library Current library Shelving location Serial Enumeration / chronology Inventory number Total Checkouts Full call number Barcode Date last seen Price effective from Koha item type
    Dewey Decimal Classification     Main TEST RTC Library RTC Library Main opac 13136   382 BHA 30013480 27/11/2018 27/11/2018 Main
Royal Thimphu College || All Right Reserved